| Tag |
First Indicator |
Second Indicator |
Subfields |
| LEADER |
00000cam a2200000 a 4500 |
| 001 |
in00005659070 |
| 006 |
m o d |
| 007 |
cr ||||||||||| |
| 008 |
111011s2011 fluab ob 001 0 eng d |
| 005 |
20250812150151.5 |
| 010 |
|
|
|z 2011022139
|
| 035 |
|
|
|a (OCoLC)ocn756674774
|
| 040 |
|
|
|a CUS
|b eng
|e pn
|c CUS
|d YDXCP
|d KIJ
|d OCLCQ
|d OCLCO
|d CRCPR
|d OCLCQ
|d E7B
|d SFB
|d N$T
|d OCLCO
|d OCLCQ
|d LND
|d Z5A
|d PIFBY
|d D6H
|d OCLCF
|d UKMGB
|d WYU
|d LEAUB
|d OCLCQ
|d OCLCO
|d DCT
|d ERF
|d OCLCQ
|d LOA
|d OCLCA
|d VT2
|d OCLCA
|d U3W
|d OCLCA
|d LVT
|d UKAHL
|d YDX
|d OCLCO
|d OCLCQ
|d OCL
|d OCLCO
|d OCLCL
|d OCLCQ
|d OCLCL
|d OCLCQ
|
| 015 |
|
|
|a GBB7A8567
|2 bnb
|
| 015 |
|
|
|a GBB0B4251
|2 bnb
|
| 016 |
7 |
|
|a 015654696
|2 Uk
|
| 016 |
7 |
|
|a 018389721
|2 Uk
|
| 019 |
|
|
|a 763158778
|a 982664585
|a 982965634
|a 990419713
|a 991907180
|a 1002147232
|a 1015208449
|a 1029503753
|a 1043076998
|a 1065817877
|a 1110784535
|a 1119423896
|a 1122512784
|a 1129368846
|a 1135525483
|a 1152699542
|a 1162867146
|a 1228599380
|
| 020 |
|
|
|a 9781420094138
|
| 020 |
|
|
|a 1420094130
|
| 020 |
|
|
|a 9781466536548
|
| 020 |
|
|
|a 1466536543
|
| 020 |
|
|
|z 9781420094121
|q (hbk. ;
|q alk. paper)
|
| 020 |
|
|
|z 1420094122
|q (hbk. ;
|q alk. paper)
|
| 020 |
|
|
|z 9781420094312
|
| 020 |
|
|
|z 9781420094275
|
| 020 |
|
|
|a 1420094319
|
| 020 |
|
|
|a 9781420094312
|
| 020 |
|
|
|a 1420094270
|
| 020 |
|
|
|a 9781420094275
|
| 020 |
|
|
|a 9781420094282
|q (e-book)
|
| 020 |
|
|
|a 1420094289
|
| 020 |
|
|
|a 9780429250521
|q (electronic bk.)
|
| 020 |
|
|
|a 0429250525
|q (electronic bk.)
|
| 020 |
|
|
|z 1950905608
|
| 020 |
|
|
|z 9781950905607
|
| 024 |
8 |
|
|a 40019509056
|
| 035 |
|
|
|a (OCoLC)756674774
|z (OCoLC)763158778
|z (OCoLC)982664585
|z (OCoLC)982965634
|z (OCoLC)990419713
|z (OCoLC)991907180
|z (OCoLC)1002147232
|z (OCoLC)1015208449
|z (OCoLC)1029503753
|z (OCoLC)1043076998
|z (OCoLC)1065817877
|z (OCoLC)1110784535
|z (OCoLC)1119423896
|z (OCoLC)1122512784
|z (OCoLC)1129368846
|z (OCoLC)1135525483
|z (OCoLC)1152699542
|z (OCoLC)1162867146
|z (OCoLC)1228599380
|
| 037 |
|
|
|a TANDF_190158
|b Ingram Content Group
|
| 043 |
|
|
|a e-uk---
|
| 050 |
|
4 |
|a HV8073
|b .D53 2011
|
| 060 |
|
4 |
|a 2013 D-297
|
| 060 |
|
4 |
|a W 750
|
| 072 |
|
7 |
|a NAT
|x 023000
|2 bisacsh
|
| 072 |
|
7 |
|a SOC
|x 040000
|2 bisacsh
|
| 082 |
0 |
4 |
|a 363.3465
|b D611
|
| 049 |
|
|
|a TXAM
|
| 245 |
0 |
0 |
|a Disaster victim identification :
|b experience and practice /
|c edited by, S. Black [and others].
|
| 260 |
|
|
|a Boca Raton, FL :
|b CRC Press,
|c ©2011.
|
| 300 |
|
|
|a 1 online resource (xxiii, 248 pages) :
|b illustrations, maps
|
| 336 |
|
|
|a text
|b txt
|2 rdacontent
|
| 337 |
|
|
|a computer
|b c
|2 rdamedia
|
| 338 |
|
|
|a online resource
|b cr
|2 rdacarrier
|
| 347 |
|
|
|a data file
|2 rda
|
| 490 |
1 |
|
|a Global perspectives on disaster victim identification series
|
| 504 |
|
|
|a Includes bibliographical references and index.
|
| 505 |
0 |
|
|a Introduction : The DVI casebook, UK incidents / Xanthé Mallett, Lucina Hackman, and Sue Black The Aberfan Colliery disaster, October 21, 1966 / Mark Lynch and Sue Black The Brighton Hotel bombing, October 12, 1984 / Andrew Buchan -- Bradford City football stadium fire, May 11, 1985 / Thomas Walsh, Neal Rylatt, and Lucina Hackman -- Manchester International Airport fire : Flight KT28M, August 22, 1985 / Suzanne Goodwin, David Wood, and Sue Black -- King's Cross underground fire, November 18, 1987 / Nick Bracken and Sue Black -- Piper Alpha oil and gas platform disaster, July 6, 1988 / Derek Hiley and Sue Black -- The Lockerbie bombing, December 21, 1988 / Graeme Galloway and Xanthé Mallett -- The Hillsborough football stadium disaster, April 15, 1989 / David Barron and Xanthé Mallett -- The Marchioness riverboat disaster, August 20, 1989 / Graham Walker and Xanthé Mallett -- The Dunblane primary school shootings, March 13, 1996 / Neil Brown -- The Omagh bombing, Saturday, August 15, 1998 / John Middlemiss -- Rail incidents / Graham Walker and Xanthé Mallett -- Chinese lorry deaths, Dover, June 18, 2000 / Steve Griffiths, Steve Corbishley, and David Weller -- Operation Lund-Morecambe Bay Cockling disaster, February 5, 2004 / Steve Brunskill and Xanthé Mallett -- London bus and underground bombings, July 7, 2005 / Graham Walker and Xanthé Mallett.
|
| 588 |
0 |
|
|a Print version record.
|
| 520 |
|
|
|a Disaster management has become an increasingly global issue, and victim identification is receiving greater attention. By raising awareness through past events and experiences, practitioners and policymakers can learn what works, what doesn't work, and how to avoid future mistakes. Disaster Victim Identification: Experience and Practice presents a selection of key historical incidents in the United Kingdom and includes candid discussions of potential areas for improvement in preparedness and future deployment capabilities. Real disasters and lessons learned Each chapter in the book addresses a.
|
| 610 |
2 |
7 |
|a University of Dundee
|x Staff author.
|2 stdnud
|
| 650 |
|
0 |
|a Identification
|z Great Britain
|v Case studies.
|
| 650 |
|
0 |
|a Disaster victims
|x Identification
|v Case studies.
|
| 650 |
|
0 |
|a Dead
|x Identification
|v Case studies.
|
| 650 |
|
0 |
|a Criminal investigation
|z Great Britain
|v Case studies.
|
| 650 |
|
0 |
|a Emergency management
|z Great Britain
|v Case studies.
|
| 650 |
|
0 |
|a Forensic anthropology.
|
| 650 |
|
0 |
|a Forensic pathology.
|
| 650 |
|
2 |
|a Forensic Anthropology
|
| 650 |
|
2 |
|a Forensic Genetics
|
| 650 |
|
2 |
|a Forensic Pathology
|
| 650 |
|
2 |
|a Mass Casualty Incidents
|
| 650 |
|
6 |
|a Identification
|z Grande-Bretagne
|v Études de cas.
|
| 650 |
|
6 |
|a Victimes de catastrophes
|x Identification
|v Études de cas.
|
| 650 |
|
6 |
|a Morts
|x Identification
|v Études de cas.
|
| 650 |
|
6 |
|a Enquêtes criminelles
|z Grande-Bretagne
|v Études de cas.
|
| 650 |
|
6 |
|a Anthropologie légale.
|
| 650 |
|
6 |
|a Pathologie médico-légale.
|
| 650 |
|
7 |
|a NATURE
|x Natural Disasters.
|2 bisacsh
|
| 650 |
|
7 |
|a SOCIAL SCIENCE
|x Disasters & Disaster Relief.
|2 bisacsh
|
| 650 |
|
7 |
|a Forensic pathology
|2 fast
|
| 650 |
|
7 |
|a Forensic anthropology
|2 fast
|
| 650 |
|
7 |
|a Criminal investigation
|2 fast
|
| 650 |
|
7 |
|a Dead
|x Identification
|2 fast
|
| 650 |
|
7 |
|a Emergency management
|2 fast
|
| 650 |
|
7 |
|a Identification
|2 fast
|
| 651 |
|
7 |
|a Great Britain
|2 fast
|1 https://id.oclc.org/worldcat/entity/E39PBJdmp7p3cx8hpmJ8HvmTpP
|
| 655 |
|
7 |
|a Electronic books.
|2 local
|
| 655 |
|
2 |
|a Case Reports
|
| 655 |
|
7 |
|a Case studies
|2 fast
|
| 655 |
|
7 |
|a Case studies.
|2 lcgft
|
| 655 |
|
7 |
|a Études de cas.
|2 rvmgf
|
| 700 |
1 |
|
|a Black, Sue M.
|
| 710 |
2 |
|
|a Taylor & Francis.
|
| 776 |
0 |
8 |
|i Print version:
|t Disaster victim identification.
|d Boca Raton, FL : CRC Press, ©2011
|z 9781420094121
|w (DLC) 2011022139
|w (OCoLC)665137997
|
| 830 |
|
0 |
|a Global perspectives on disaster victim identification series.
|
| 856 |
4 |
0 |
|u http://proxy.library.tamu.edu/login?url=https://www.taylorfrancis.com/books/9780429250521
|z Connect to the full text of this electronic book
|t 0
|
| 955 |
|
|
|a Taylor and Francis FORENSICnetBASE / LAWENFORCEMENTnetBASE
|
| 994 |
|
|
|a 92
|b TXA
|
| 999 |
f |
f |
|s 967dd7e0-9836-4c1d-9ae7-67df6ca2a72c
|i 60dafb1d-d5a8-4aec-8897-3b5b4a5f908e
|t 0
|
| 952 |
f |
f |
|a Texas A&M University
|b College Station
|c Electronic Resources
|d Available Online
|t 0
|e HV8073 .D53 2011
|h Library of Congress classification
|
| 998 |
f |
f |
|a HV8073 .D53 2011
|t 0
|l Available Online
|